Statistics for NATO Tile Select

Click here to take the quiz!

General Stats

  • This quiz has been taken 47 times
  • The average score is 20 of 25

Answer Stats

QuestionTileSelect% Correct
NATO member countriesBrazilNo
96%
NATO member countriesKazakstanNo
96%
NATO member countriesBelarusNo
92%
NATO member countriesEgyptNo
92%
NATO member countriesRussiaNo
92%
NATO member countriesUKYes
92%
NATO member countriesUSAYes
92%
NATO member countriesItalyYes
88%
NATO member countriesJapanNo
88%
NATO member countriesMexicoNo
88%
NATO member countriesPolandYes
88%
NATO member countriesSouth AfricaNo
88%
NATO member countriesSpainYes
88%
NATO member countriesSwitzerlandNo
88%
NATO member countriesArgentinaNo
83%
NATO member countriesAustraliaNo
83%
NATO member countriesCanadaYes
83%
NATO member countriesCroatiaYes
79%
NATO member countriesLuxembourgYes
79%
NATO member countriesTurkeyYes
79%
NATO member countriesAlbaniaYes
58%
NATO member countriesIrelandNo
58%
NATO member countriesFinlandNo
54%
NATO member countriesAustriaNo
50%
NATO member countriesNorth MacedoniaYes
50%

Score Distribution

Percentile by Number Answered

Percent of People with Each Score

Your Score History

You have not taken this quiz